[Event "Bronshoj Autumn op"]
[Site "Copenhagen"]
[Date "2014.10.??"]
[Round "2"]
[White "Aage, Bjarke"]
[Black "Fredericia, Louise Winther"]
[Result "0-1"]
[WhiteElo "2054"]
[BlackElo "2033"]
[PlyCount "88"]
[EventDate "2014.10.23"]
[EventType "swiss"]
[EventRounds "5"]
[EventCountry "DEN"]
[SourceTitle "EXT 2023"]
[Source "ChessBase"]
[SourceDate "2022.10.05"]
[SourceVersion "1"]
[SourceVersionDate "2022.10.05"]
[SourceQuality "1"]

1. d4 Nf6 2. Nf3 g6 3. g3 Bg7 4. Bg2 0-0 5. 0-0 d6 6. c4 Nc6 7. Nc3 a6 8. e4 Bg4 9. h3 Bxf3 10. Bxf3 e5 11. d5 Nd4 12. Bg2 Nh5 13. Ne2 Nxe2+ 14. Qxe2 Qe8 15. Bf3 f5 16. exf5 Rxf5 17. Bg4 e4 18. Bxh5 Rxh5 19. Re1 Qf7 20. Bf4 Re8 21. Kg2 Rf5 22. Rad1 g5 23. Be3 h6 24. Qc2 Rfe5 25. b4 b5 26. cxb5 axb5 27. Qc6 h5 28. Qxb5 h4 29. Qe2 Rxd5 30. Qc4 c6 31. g4 Qf3+ 32. Kg1 Qxh3 33. Rxd5 Qxg4+ 34. Kf1 Qh3+ 35. Ke2 Qf3+ 36. Kd2 cxd5 37. Qxd5+ Qf7 38. Qxf7+ Kxf7 39. Bxg5 h3 40. Bf4 Ra8 41. Rxe4 Rxa2+ 42. Ke3 d5 43. Re5 Bxe5 44. Bxe5 Ke6 0-1

[Event "Koge Niels Juel Cup"]
[Site "Koge"]
[Date "2013.04.26"]
[Round "8"]
[White "Bruun, Henrik Emil"]
[Black "Aage, Bjarke"]
[Result "1-0"]
[WhiteElo "2085"]
[BlackElo "2067"]
[PlyCount "73"]
[EventDate "2013.04.20"]
[EventType "swiss"]
[EventRounds "10"]
[EventCountry "DEN"]
[SourceTitle "CBM 154 Extra"]
[Source "ChessBase"]
[SourceDate "2013.06.25"]
[SourceVersion "2"]
[SourceVersionDate "2013.06.25"]
[SourceQuality "1"]

1. e4 d5 2. exd5 Qxd5 3. Nc3 Qa5 4. Bc4 Nf6 5. Nf3 Bf5 6. 0-0 e6 7. Re1 c6 8. Re5 Qb4 9. Rxf5 Qxc4 10. d3 Qb4 11. a3 Qb6 12. Re5 Nbd7 13. Re2 Be7 14. Na4 Qc7 15. c4 0-0 16. d4 Rfd8 17. Nc3 Rac8 18. Qc2 c5 19. d5 Nf8 20. Bg5 exd5 21. Rae1 Ng6 22. Ne5 Ne8 23. Nxg6 Bxg5 24. Nxd5 Qd7 25. Nde7+ Bxe7 26. Nxe7+ Kh8 27. Nxc8 Qxc8 28. Qe4 Nf6 29. Qe7 Kg8 30. h3 h6 31. Re5 b6 32. Qxa7 Qc6 33. Re7 Rf8 34. Qc7 Qa4 35. Qf4 Nd5 36. Ra7 Qxa7 37. cxd5 1-0

[Event "Lovsprings op 13th A"]
[Site "Ringsted"]
[Date "2002.03.15"]
[Round "2"]
[White "Christensen, Bo Garner"]
[Black "Aage, Bjarke"]
[Result "1-0"]
[WhiteElo "2161"]
[BlackElo "2065"]
[PlyCount "65"]
[EventDate "2002.03.08"]
[EventType "swiss"]
[EventRounds "7"]
[EventCountry "DEN"]
[SourceTitle "EXT 2018"]
[Source "ChessBase"]
[SourceDate "2017.10.13"]
[SourceVersion "1"]
[SourceVersionDate "2017.10.13"]
[SourceQuality "1"]

1. e4 Nf6 2. e5 Nd5 3. d4 d6 4. Bc4 Nb6 5. Bb3 dxe5 6. Qh5 e6 7. dxe5 Nc6 8. Nf3 Nd4 9. Nc3 Bb4 10. Bd2 a5 11. 0-0-0 Bxc3 12. Bg5 Qd7 13. bxc3 Nxb3+ 14. cxb3 Nd5 15. c4 Qc6 16. Kb2 a4 17. cxd5 a3+ 18. Kb1 Qc3 19. Rd2 exd5 20. Nd4 c5 21. Rc1 Qa5 22. Rdc2 b6 23. e6 0-0 24. Nc6 Qb5 25. Ne7+ Kh8 26. exf7 Qd3 27. Rd1 Qe4 28. f3 Qe6 29. Rxd5 g6 30. Qh6 Qxf7 31. Nxg6+ Qxg6 32. Qxf8+ Qg8 33. Bf6# 1-0

[Event "Lovfalds 13th B"]
[Site "Ringsted"]
[Date "1999.09.18"]
[Round "2"]
[White "Pedersen, Henrik Dahl"]
[Black "Aage, Bjarke"]
[Result "1-0"]
[WhiteElo "2042"]
[BlackElo "2006"]
[PlyCount "91"]
[EventDate "1999.09.17"]
[EventType "tourn"]
[EventRounds "5"]
[EventCountry "DEN"]
[SourceTitle "EXT 2023"]
[Source "ChessBase"]
[SourceDate "2022.10.05"]
[SourceVersion "1"]
[SourceVersionDate "2022.10.05"]
[SourceQuality "1"]

1. c4 Nf6 2. Nc3 c6 3. d4 d5 4. Nf3 e6 5. e3 Nbd7 6. a4 b6 7. Be2 Bb7 8. 0-0 Be7 9. a5 c5 10. Qa4 Qc8 11. Ne5 a6 12. axb6 0-0 13. Nxd7 Nxd7 14. Qb3 Qc6 15. cxd5 exd5 16. Bf3 Nxb6 17. e4 cxd4 18. Nxd5 Nxd5 19. exd5 Qb5 20. Qxb5 axb5 21. Bf4 Bf6 22. d6 Bxf3 23. gxf3 h5 24. h3 Rfe8 25. d7 Red8 26. Rxa8 Rxa8 27. Rc1 Rd8 28. Rc8 Kh7 29. Rc7 g5 30. Bd2 Be7 31. Ba5 Ra8 32. b4 d3 33. Kf1 d2 34. Ke2 Ra6 35. Kxd2 Rd6+ 36. Ke2 Kg6 37. Rb7 Kf6 38. Rb6 Rxb6 39. Bxb6 Kf5 40. d8Q Bxd8 41. Bxd8 f6 42. Ke3 Ke5 43. Bc7+ Kd5 44. f4 Ke6 45. fxg5 fxg5 46. Ke4 1-0

[Event "Lovsprings op 06th D"]
[Site "Ringsted"]
[Date "1994.05.22"]
[Round "7"]
[White "Aage, Bjarke"]
[Black "Christiansen, Kay Verner"]
[Result "1/2-1/2"]
[WhiteElo "1502"]
[BlackElo "1532"]
[PlyCount "30"]
[EventDate "1994.03.27"]
[EventType "swiss"]
[EventRounds "7"]
[EventCountry "DEN"]
[SourceTitle "EXT 2023"]
[Source "ChessBase"]
[SourceDate "2022.10.05"]
[SourceVersion "1"]
[SourceVersionDate "2022.10.05"]
[SourceQuality "1"]

1. d4 e6 2. e4 c5 3. d5 exd5 4. exd5 Qe7+ 5. Be2 d6 6. Nf3 Nf6 7. 0-0 Qd8 8. Bg5 Be7 9. c4 h6 10. Bh4 g5 11. Bg3 g4 12. Nfd2 h5 13. Nc3 h4 14. Bf4 Nh5 15. Be3 f5 1/2-1/2

[Event "Lovsprings op 06th D"]
[Site "Ringsted"]
[Date "1994.05.08"]
[Round "6"]
[White "Aage, Bjarke"]
[Black "Sejersen, Villum"]
[Result "1-0"]
[WhiteElo "1502"]
[BlackElo "1467"]
[PlyCount "57"]
[EventDate "1994.03.27"]
[EventType "swiss"]
[EventRounds "7"]
[EventCountry "DEN"]
[SourceTitle "EXT 2023"]
[Source "ChessBase"]
[SourceDate "2022.10.05"]
[SourceVersion "1"]
[SourceVersionDate "2022.10.05"]
[SourceQuality "1"]

1. d4 d5 2. c4 dxc4 3. e4 Nf6 4. e5 Nd5 5. Bxc4 e6 6. Nc3 c6 7. Nge2 Nd7 8. Bd2 N7b6 9. Bb3 Be7 10. 0-0 Bd7 11. Rc1 Rc8 12. f4 c5 13. Nxd5 Nxd5 14. Bxd5 exd5 15. f5 cxd4 16. Rxc8 Qxc8 17. f6 Bc5 18. Nf4 gxf6 19. exf6 Qc6 20. b4 Bb6 21. Qe2+ Be6 22. Kh1 Kd7 23. Rc1 Qa4 24. Nxd5 Bd8 25. Nf4 Bxf6 26. Qf3 Be5 27. Qxb7+ Kd8 28. Nxe6+ fxe6 29. Rc8# 1-0